| 000 | 00885cam a2200289 a 4500 | ||
|---|---|---|---|
| 001 | 1895316 | ||
| 003 | NUST - PNEC | ||
| 005 | 20170116181110.0 | ||
| 008 | 840229s1985 enka b 001 0 eng | ||
| 010 | _a 84003079 | ||
| 020 |
_a008028681X : _c$30.00 |
||
| 020 |
_a0080286801 (pbk.) : _c$12.00 |
||
| 040 |
_aDLC _cLIBRARY _dDLC |
||
| 050 | 0 | 0 |
_aTS590 _b.M67 1985 |
| 082 | 0 | 0 |
_a672.823 MOR _219 |
| 100 | 1 | _aMorgan, E. | |
| 245 | 1 | 0 |
_aTinplate and modern canmaking technology / _cE. Morgan. |
| 250 | _a1st ed. | ||
| 260 |
_aOxford [Oxfordshire] ; _aNew York : _bPergamon Press, _c1985. |
||
| 300 |
_axv, 268 p. : _bill. ; _c24 cm. |
||
| 440 | 4 | _aThe Pergamon materials engineering practice series | |
| 504 | _aIncludes bibliographies and index. | ||
| 650 | 0 |
_aTinplate. _xME |
|
| 650 | 0 | _aTin cans. | |
| 906 |
_a7 _bcbc _corignew _d1 _eocip _f19 _gy-gencatlg |
||
| 942 |
_2ddc _cBK |
||
| 999 |
_c69086 _d69086 |
||